Cradle of the Sun /
Đã lưu trong:
| Tác giả chính: | |
|---|---|
| Tác giả khác: | |
| Định dạng: | Sách |
| Ngôn ngữ: | Tiếng Anh |
| Được phát hành: |
Nueva York, EUA :
Ace Books,
1969, c1969
|
| Loạt: | (Ace Double Novel Books ;
12140) |
| Những chủ đề: | |
| Các nhãn: |
Không có thẻ, Là người đầu tiên thẻ bản ghi này!
|
MARC
| LEADER | 00000nam^a2200000^a^4500 | ||
|---|---|---|---|
| 001 | 000450329 | ||
| 005 | 20250521000000.0 | ||
| 009 | 20260310123746.217 | ||
| 037 | |a Acervo ITESO - Biblioteca | ||
| 041 | |a ING | ||
| 091 | |a FAW. 01636 | ||
| 100 | |a Stableford, Brian M. |e (autor) | ||
| 245 | 1 | 0 | |a Cradle of the Sun / |c B.M. Stableford. |
| 264 | 4 | |a Nueva York, EUA : |b Ace Books, |c 1969, c1969 | |
| 300 | |a 113, 140 p. | ||
| 336 | |a texto |b txt |2 rdacontenido | ||
| 337 | |a sin mediación |b n |2 rdamedio | ||
| 338 | |a volumen |b nc |2 rdasoporte | ||
| 440 | 1 | |a (Ace Double Novel Books ; |v 12140) | |
| 545 | 0 | |a Henry Kenneth Bulmer (1921-2005), escritor británico de ciencia ficción y también de otros géneros no fantásticos, como historias marinas, western, cómics y guiones para series de televisión. Como autor y editor, Bulmer es considerado uno de los pilares de la ciencia ficción en el Reino Unido; quien al publicar sus obras, además de usar su nombre, firmó con varios seudónimos a los que incluso les construyó una biografía ficticia. Algunas de sus obras son: The Secret of Zi (1958), The Changeling Worlds (1959), The Earth Gods Are Coming (1960), No Man's World (1961), Beyond the Silver Sky (1961), Behold the Stars (1965), To Outrun Doomsday (1967), Cycle of Nemesis (1967), Roller Coaster World (1972). | |
| 649 | |a XX | ||
| 650 | |a Héroes de Ficción en la Literatura | ||
| 650 | |a Magos en la Literatura | ||
| 650 | |a Novela Inglesa | ||
| 650 | |a Literatura de Ciencia-Ficción - |z Inglaterra | ||
| 650 | |a Literatura Inglesa - |y Siglo XX | ||
| 650 | |a Fin del Mundo en la Literatura | ||
| 650 | |a Pluralidad de los Mundos en la Literatura | ||
| 700 | |a Bulmer, Kenneth |e (autor) | ||
| 740 | 4 | |a The Wizards of Senchuria / |c K. Bulmer. | |
| 910 | |a Fondo Adolfo J. Wriedt Kentzler | ||
| 920 | |a Impresos - Libros | ||
| 930 | |a Fondos Especiales | ||
| 940 | |a Literatura | ||
| 905 | |a 128 | ||
| 901 | |a 0500382308 |b IT2 |c ESP |i D86259 |u 20250521 | ||
| 902 | |a https://opac.biblio.iteso.mx/vufind/Record/000450329 | ||